<?xml version="1.0" encoding="UTF-8"?>
<record
    xmlns:xsi="http://www.w3.org/2001/XMLSchema-instance"
    xsi:schemaLocation="http://www.loc.gov/MARC21/slim http://www.loc.gov/standards/marcxml/schema/MARC21slim.xsd"
    xmlns="http://www.loc.gov/MARC21/slim">

  <leader>00429    a2200157   4500</leader>
  <controlfield tag="005">20250612061107.0</controlfield>
  <datafield tag="020" ind1=" " ind2=" ">
    <subfield code="a">13:978-0-07-305192-5/10:0-07-305192-6</subfield>
  </datafield>
  <datafield tag="082" ind1=" " ind2=" ">
    <subfield code="a">515(dc 22)HOF</subfield>
  </datafield>
  <datafield tag="100" ind1=" " ind2=" ">
    <subfield code="a">Hoffmann D. Laurence</subfield>
  </datafield>
  <datafield tag="245" ind1=" " ind2=" ">
    <subfield code="a">Applied Calculus</subfield>
  </datafield>
  <datafield tag="250" ind1=" " ind2=" ">
    <subfield code="a">9th Ed</subfield>
  </datafield>
  <datafield tag="260" ind1=" " ind2=" ">
    <subfield code="a">New york</subfield>
    <subfield code="b">McGraw-Hill/Irwin</subfield>
    <subfield code="c">2007</subfield>
  </datafield>
  <datafield tag="300" ind1=" " ind2=" ">
    <subfield code="a">xxxii,1011p ill, table, figure</subfield>
    <subfield code="b">index</subfield>
    <subfield code="c">27cm</subfield>
  </datafield>
  <datafield tag="700" ind1=" " ind2=" ">
    <subfield code="a">Bradley  L. Gerald</subfield>
  </datafield>
  <datafield tag="942" ind1=" " ind2=" ">
    <subfield code="2">ddc</subfield>
    <subfield code="c">BKS</subfield>
  </datafield>
  <datafield tag="999" ind1=" " ind2=" ">
    <subfield code="c">3804</subfield>
    <subfield code="d">3804</subfield>
  </datafield>
  <datafield tag="952" ind1=" " ind2=" ">
    <subfield code="r">2025-06-12 06:14:22</subfield>
    <subfield code="l">0</subfield>
    <subfield code="o">515(dc 22)HOF</subfield>
    <subfield code="p">DOM000931</subfield>
    <subfield code="v">432000.00</subfield>
    <subfield code="w">2025-06-12</subfield>
    <subfield code="y">BKS</subfield>
    <subfield code="1">0</subfield>
    <subfield code="2">ddc</subfield>
    <subfield code="4">0</subfield>
    <subfield code="7">0</subfield>
    <subfield code="0">0</subfield>
    <subfield code="a">004</subfield>
    <subfield code="b">004</subfield>
    <subfield code="c">GEN</subfield>
    <subfield code="d">2009-10-20</subfield>
    <subfield code="g">144000.00</subfield>
  </datafield>
  <datafield tag="952" ind1=" " ind2=" ">
    <subfield code="r">2025-06-12 06:16:30</subfield>
    <subfield code="l">0</subfield>
    <subfield code="o">515(dc 22)HOF</subfield>
    <subfield code="p">DOM000929</subfield>
    <subfield code="v">432000.00</subfield>
    <subfield code="w">2025-06-12</subfield>
    <subfield code="y">BKS</subfield>
    <subfield code="1">0</subfield>
    <subfield code="2">ddc</subfield>
    <subfield code="4">0</subfield>
    <subfield code="7">0</subfield>
    <subfield code="0">0</subfield>
    <subfield code="a">004</subfield>
    <subfield code="b">004</subfield>
    <subfield code="c">GEN</subfield>
    <subfield code="d">2009-10-20</subfield>
    <subfield code="g">144000.00</subfield>
  </datafield>
  <datafield tag="952" ind1=" " ind2=" ">
    <subfield code="r">2025-06-12 06:17:18</subfield>
    <subfield code="l">0</subfield>
    <subfield code="o">515(dc 22)HOF</subfield>
    <subfield code="p">DOM000930</subfield>
    <subfield code="v">432000.00</subfield>
    <subfield code="w">2025-06-12</subfield>
    <subfield code="y">BKS</subfield>
    <subfield code="1">0</subfield>
    <subfield code="2">ddc</subfield>
    <subfield code="4">0</subfield>
    <subfield code="7">0</subfield>
    <subfield code="0">0</subfield>
    <subfield code="a">004</subfield>
    <subfield code="b">004</subfield>
    <subfield code="c">GEN</subfield>
    <subfield code="d">2009-10-20</subfield>
    <subfield code="g">144000.00</subfield>
  </datafield>
  <datafield tag="952" ind1=" " ind2=" ">
    <subfield code="r">2025-06-12 06:18:06</subfield>
    <subfield code="l">0</subfield>
    <subfield code="o">515(dc 22)HOF</subfield>
    <subfield code="p">DOM000932</subfield>
    <subfield code="v">432000.00</subfield>
    <subfield code="w">2025-06-12</subfield>
    <subfield code="y">BKS</subfield>
    <subfield code="1">0</subfield>
    <subfield code="2">ddc</subfield>
    <subfield code="4">0</subfield>
    <subfield code="7">0</subfield>
    <subfield code="0">0</subfield>
    <subfield code="a">004</subfield>
    <subfield code="b">004</subfield>
    <subfield code="c">GEN</subfield>
    <subfield code="d">2009-10-20</subfield>
    <subfield code="g">144000.00</subfield>
  </datafield>
</record>
